| 000 | 01108nam0a2200301 4500 | ||
|---|---|---|---|
| 001 | RU\NLR\BIBL_A\022711291 | ||
| 005 | 20260324201908.0 | ||
| 010 |
_a978-5-00254-091-4 _9100 |
||
| 021 |
_aRU _bКН-П-25-075624 _9КН-П-25-7329 |
||
| 035 | _a(NLR Aleph) 022711291 | ||
| 090 |
_a13643822 _c13643822 |
||
| 100 | _a20260129d2025 u y0rusy50 ca | ||
| 101 | 0 | _arus | |
| 102 | _aRU | ||
| 105 | _aa z 000zy | ||
| 181 | 0 |
_ai3 _baxxe |
|
| 182 | 0 | _an | |
| 200 | 1 |
_aИскусство студийного освещения: авторская методика профессионального фотографа _fЕ. А. Модина |
|
| 203 |
_aТекст _bвизуальный _cнепосредственный |
||
| 210 |
_aКазань _cБук _d2025 |
||
| 215 |
_a62, [1] с. _cил. _d21 |
||
| 606 | 1 |
_aФотосъемка _xОсвещение _2nlr_sh2 _3RU\NLR\AUTH\661418853 |
|
| 686 | 1 | _aМ940.204 | |
| 700 | 1 |
_aМодина _bЕ. А. _gЕкатерина Александровна |
|
| 942 | _cBOOK | ||
| 980 | _aNB | ||